000 00594nam a22001577a 4500
003 SGT
020 _a8176292737
082 _a658.3,SIN
100 _aSINGH, NIRMAL
245 _aHUMAN RELATIONS AND ORGANISATIONAL BEHAVR
260 _aNEW DELHI
_bDEEP & DEEP PUBLICATIONS PVT. LTD
300 _a460
650 _aMANAGEMENT
653 _aTHE HAWTHORNE STUDIES, UNDERSTANDING HUMAN RELATIONS,HUMAN RELATIONS ALL DIMENSIONAL IMPORTANCE AND VALUES, MOTIVATION MOTVATION THEORIES AND THEIR APPLICABILITY, MOTIVATIONAND MORALE, HUMAN RELATIONS TOOLS METHODS AND TECHNIQUES
942 _2ddc
_cFCM
_03
999 _c9013
_d9013